000
00314nam a22001337a 4500
008
190304b xxu||||| |||| 00| 0 eng d
020
_a
9780323002561
041
_a
eng
080
_a
616.12
100
_a
7
101
_a
KARD
245
_a
Primary Care Management of Heart Disease
_c
Taylor,G.J
942
_2
udc
_c
BK
999
_c
54389
_d
54389